Statistics for American Cities by Crime Rate

Click here to take the quiz!

General Stats

  • This quiz has been taken 873 times
    (645 since last reset)
  • The average score is 15 of 26

Answer Stats

PositionHomicides / 100,000 peopleAnswer% Correct
823.8Chicago
91%
343.4Detroit
89%
1717.1Miami
81%
257.8Baltimore
75%
1320.2Atlanta
74%
159.8St Louis
74%
2213.3Houston
73%
441.7New Orleans
73%
1517.9Philadelphia
72%
1816.2Cleveland
68%
724.1Washington
68%
1120.5Memphis
66%
923.0Kansas City
57%
1418.6Pittsburgh
55%
1022.1Cincinnati
54%
1617.1Indianapolis
54%
624.2Milwaukee
54%
2511.9Orlando
53%
2015.9Buffalo
46%
1220.3Oakland
44%
2411.9Louisville
43%
2611.6Oklahoma City
42%
533.3Newark
40%
2113.7Tulsa
32%
1916.1Stockton
15%
2313.2Durham
5%

Score Distribution

Percentile by Number Answered

Percent of People with Each Score

Your Score History

You have not taken this quiz since the last reset